[Event "Almansa 2014 - Torneo A"]
[Site "Almansa ESP"]
[Date "2014.08.08"]
[Round "7.9"]
[White "Villasenor Rubio, Emilio Jose"]
[Black "Garcia Gata, Jorge D"]
[Result "1-0"]
[WhiteElo "2259"]
[BlackElo "2054"]
[PlyCount "115"]
[EventDate "2014.08.05"]
[EventType "swiss"]
[EventRounds "9"]
[EventCountry "ESP"]
[Source "lmi"]
[SourceDate "2014.08.05"]

1. Nf3 c5 2. g3 Nf6 3. Bg2 Nc6 4. O-O g6 5. c4 Bg7 6. Nc3 O-O 7. d3 d6 8. Rb1
Bf5 9. a3 a5 10. h3 Qd7 11. Kh2 Rad8 12. e4 Be6 13. Be3 Nh5 14. Ne2 b6 15. Ng5
Nd4 16. Nxd4 cxd4 17. Bd2 h6 18. Nxe6 Qxe6 19. b4 Ra8 20. bxa5 bxa5 21. Qa4 Ra7
22. Rb5 f5 23. Rxa5 Rxa5 24. Qxa5 f4 25. Qd5 Qxd5 26. exd5 Be5 27. gxf4 Nxf4
28. Bxf4 Bxf4+ 29. Kg1 Ra8 30. Ra1 Bd2 31. Be4 Kf7 32. Kf1 Ra4 33. Ke2 Bc3 34.
Rg1 g5 35. f4 gxf4 36. Rg6 Rxa3 37. Rxh6 Ra2+ 38. Kf3 Bd2 39. Kg4 Ra8 40. Kf5
Rg8 41. Bf3 Rg3 42. Ke4 Be3 43. Rh5 Kg6 44. Rh8 Kg7 45. Re8 Kf6 46. Bg4 Rg1 47.
Be6 Rg7 48. h4 Rh7 49. Rf8+ Kg7 50. Rf5 Rxh4 51. Rf7+ Kg6 52. Rxe7 Rh5 53. Bg4
Re5+ 54. Rxe5 dxe5 55. Kxe5 Kf7 56. c5 Ke8 57. c6 Kd8 58. d6 1-0

[Event "Almansa 2014 - Torneo A"]
[Site "Almansa ESP"]
[Date "2014.08.08"]
[Round "7.10"]
[White "Gines Abad, Pedro"]
[Black "Remolar Gallen, Jose"]
[Result "0-1"]
[WhiteElo "2018"]
[BlackElo "2208"]
[PlyCount "100"]
[EventDate "2014.08.05"]
[EventType "swiss"]
[EventRounds "9"]
[EventCountry "ESP"]
[Source "lmi"]
[SourceDate "2014.08.05"]

1. d4 Nf6 2. Nf3 g6 3. g3 Bg7 4. Bg2 O-O 5. c4 d6 6. O-O Nc6 7. Nc3 a6 8. b3
Rb8 9. a4 Bd7 10. Bb2 Qc8 11. d5 Na5 12. Nd2 c5 13. Qc2 Bf5 14. e4 Bh3 15. Ne2
Bh6 16. f4 b6 17. Bc3 Qg4 18. Rae1 Qh5 19. Nc1 Ng4 20. Nf3 Bg7 21. Bxg7 Kxg7
22. Bxh3 Qxh3 23. Ng5 Qh5 24. h3 Ne5 25. Qc3 Kg8 26. g4 Qh4 27. fxe5 Qxg5 28.
exd6 exd6 29. e5 dxe5 30. Rxe5 Qd8 31. Rfe1 b5 32. Nd3 bxc4 33. bxc4 Rb3 34.
Qc2 Qh4 35. R5e3 h5 36. Ne5 hxg4 37. hxg4 Re8 38. Qf2 Qxf2+ 39. Kxf2 Rb4 40.
Nc6 Rb2+ 41. Kf3 Rxe3+ 42. Rxe3 Nxc4 43. Rc3 Nd6 44. Rxc5 Rb3+ 45. Kf4 f6 46.
g5 Kg7 47. gxf6+ Kxf6 48. Kg4 Nf7 49. Rc4 g5 50. Re4 Nh6+ 0-1

[Event "Almansa 2014 - Torneo A"]
[Site "Almansa ESP"]
[Date "2014.08.09"]
[Round "8.1"]
[White "Romero Berruezo, Francisco"]
[Black "Jimenez Martinez, Jose Vicente"]
[Result "1-0"]
[WhiteElo "2211"]
[BlackElo "2247"]
[PlyCount "77"]
[EventDate "2014.08.05"]
[EventType "swiss"]
[EventRounds "9"]
[EventCountry "ESP"]
[Source "lmi"]
[SourceDate "2014.08.05"]

1. e4 d6 2. d4 g6 3. Nc3 Bg7 4. Be3 a6 5. f4 b5 6. Bd3 Bb7 7. Nf3 Nd7 8. e5 e6
9. a4 b4 10. Ne4 Ne7 11. a5 Nd5 12. Bd2 f5 13. Neg5 Qe7 14. exd6 cxd6 15. O-O
O-O 16. Re1 e5 17. Bc4 e4 18. Bxb4 h6 19. Nh3 Qf6 20. c3 exf3 21. Qb3 Kh8 22.
Bxd5 Bxd5 23. Qxd5 fxg2 24. Bxd6 Rfe8 25. Be7 Rxe7 26. Qxa8+ Kh7 27. Qxg2 Qd6
28. Qg3 Nf6 29. Nf2 Rb7 30. Rab1 Rc7 31. Qf3 Rc8 32. Re5 Nh5 33. Rbe1 Qb8 34.
Nd3 Qb3 35. Re7 Qc2 36. Rb7 Qa4 37. Ree7 Re8 38. Nc5 Qa1+ 39. Qf1 1-0

[Event "Almansa 2014 - Torneo A"]
[Site "Almansa ESP"]
[Date "2014.08.09"]
[Round "8.2"]
[White "Lopez Mulet, Inigo"]
[Black "Martinez Lopez, David"]
[Result "1/2-1/2"]
[WhiteElo "2193"]
[BlackElo "2209"]
[PlyCount "78"]
[EventDate "2014.08.05"]
[EventType "swiss"]
[EventRounds "9"]
[EventCountry "ESP"]
[Source "lmi"]
[SourceDate "2014.08.05"]

1. d4 e6 2. c4 Nf6 3. g3 d5 4. Nf3 Bb4+ 5. Bd2 Be7 6. Bg2 O-O 7. Qc2 c6 8. O-O
Nbd7 9. Bf4 b6 10. cxd5 cxd5 11. Qc6 Ba6 12. Nc3 Bb4 13. Rfe1 Qe7 14. Rac1 Rfc8
15. Qa4 Bb7 16. Bd2 a6 17. Ne4 Nxe4 18. Qxb4 Qd8 19. h4 a5 20. Qa3 Rxc1 21.
Rxc1 b5 22. Bf4 Rc8 23. Rxc8 Bxc8 24. Ne5 b4 25. Qa4 Nxe5 26. Bxe5 Nf6 27. Qc6
Ne8 28. Bf1 Bd7 29. Qc5 f6 30. Bf4 Kf7 31. e3 Qa8 32. Bd3 f5 33. Kg2 Qd8 34.
Qa7 Kf8 35. Bg5 Nf6 36. Qc5+ Kf7 37. Bf4 Ne8 38. Be5 Qa8 39. Bf4 Bc6 1/2-1/2

[Event "Almansa 2014 - Torneo A"]
[Site "Almansa ESP"]
[Date "2014.08.09"]
[Round "8.3"]
[White "Gil Quilez, David"]
[Black "Cano Gimenez, Vicente"]
[Result "1-0"]
[WhiteElo "2172"]
[BlackElo "2290"]
[PlyCount "135"]
[EventDate "2014.08.05"]
[EventType "swiss"]
[EventRounds "9"]
[EventCountry "ESP"]
[Source "lmi"]
[SourceDate "2014.08.05"]

1. e4 c5 2. Nf3 Nc6 3. d4 cxd4 4. Nxd4 g6 5. Nc3 Bg7 6. Be3 Nf6 7. Bc4 Qa5 8.
O-O O-O 9. Bb3 d6 10. Nd5 Re8 11. Nxf6+ Bxf6 12. c3 Bd7 13. f4 Qc7 14. Nf3 Na5
15. Rf2 Nxb3 16. axb3 Bc6 17. Qd3 a6 18. Rd1 b5 19. Re2 Rad8 20. Bf2 e5 21. Bg3
d5 22. Nxe5 dxe4 23. Qc2 Bb7 24. Ng4 Bg7 25. Ne3 f5 26. Red2 Bh6 27. Rxd8 Rxd8
28. Rxd8+ Qxd8 29. Qd1 Qxd1+ 30. Nxd1 Bd5 31. b4 g5 32. Ne3 Be6 33. fxg5 Bxg5
34. Bf2 f4 35. Nc2 e3 36. Be1 Kf7 37. Nd4 Bd5 38. Nf3 Bh6 39. Bh4 Kg6 40. Kf1
Kf5 41. Ke2 Bg7 42. Be7 h6 43. Bd8 Bc4+ 44. Ke1 Ke4 45. Bc7 Bf6 46. Bd6 Be6 47.
Ke2 Bg4 48. Bf8 Bg5 49. h3 Bh5 50. Bg7 Kd5 51. Kd3 Bg6+ 52. Ke2 Be4 53. h4 Bd8
54. Bxh6 Bc7 55. g3 Kc4 56. Bxf4 Bxf4 57. gxf4 Bxf3+ 58. Kxe3 Bh1 59. f5 Kd5
60. Kf4 Kd6 61. h5 Bd5 62. h6 Bg8 63. Kg5 Bh7 64. Kf6 Kd5 65. b3 Ke4 66. c4 Kd4
67. c5 Kd5 68. Kg5 1-0

[Event "Almansa 2014 - Torneo A"]
[Site "Almansa ESP"]
[Date "2014.08.09"]
[Round "8.4"]
[White "Fernandez Barrera, Victor"]
[Black "Jordan Martinez, Miguel"]
[Result "0-1"]
[WhiteElo "2284"]
[BlackElo "2205"]
[PlyCount "86"]
[EventDate "2014.08.05"]
[EventType "swiss"]
[EventRounds "9"]
[EventCountry "ESP"]
[Source "lmi"]
[SourceDate "2014.08.05"]

1. e4 e6 2. d4 d5 3. Nc3 Nf6 4. Bg5 Bb4 5. Nge2 dxe4 6. a3 Be7 7. Bxf6 Bxf6 8.
Nxe4 Nc6 9. Nxf6+ Qxf6 10. Qd2 O-O 11. Qe3 e5 12. O-O-O Rd8 13. dxe5 Rxd1+ 14.
Kxd1 Nxe5 15. Nc3 Bf5 16. Be2 h6 17. Kc1 Re8 18. Kb1 Re6 19. Qg3 Bg6 20. Nd5
Qf5 21. Ne3 Qe4 22. Rd1 Rf6 23. Rd8+ Kh7 24. Rd2 c6 25. h3 b5 26. Ng4 Nxg4 27.
hxg4 c5 28. g5 Rf5 29. Bf3 Qe6 30. Bg4 Qe1+ 31. Rd1 Qxf2 32. Qc3 Rxg5 33. Bf3
c4 34. Rd2 Qc5 35. Re2 Qd6 36. Qe3 Rc5 37. Ka2 a5 38. Be4 Rg5 39. Rd2 Qe6 40.
Rd4 f5 41. Qh3 Qe5 42. c3 fxe4 43. Qc8 Qf5 0-1

[Event "Almansa 2014 - Torneo A"]
[Site "Almansa ESP"]
[Date "2014.08.09"]
[Round "8.5"]
[White "Remolar Gallen, Jose"]
[Black "Villasenor Rubio, Emilio Jose"]
[Result "1/2-1/2"]
[WhiteElo "2208"]
[BlackElo "2259"]
[PlyCount "81"]
[EventDate "2014.08.05"]
[EventType "swiss"]
[EventRounds "9"]
[EventCountry "ESP"]
[Source "lmi"]
[SourceDate "2014.08.05"]

1. e4 e6 2. b3 c5 3. Bb2 Nc6 4. Nf3 d6 5. d4 cxd4 6. Nxd4 Bd7 7. Bd3 Nf6 8. Nd2
Be7 9. O-O O-O 10. Kh1 e5 11. Nxc6 Bxc6 12. f4 Nd7 13. Nc4 b5 14. Ne3 exf4 15.
Nf5 Bf6 16. Bxf6 Qxf6 17. Rxf4 Kh8 18. Qf1 Nc5 19. Re1 Rae8 20. Re3 Re6 21.
Nxd6 Qe7 22. Nxf7+ Kg8 23. Ref3 Nd7 24. Bxb5 Bxb5 25. Qxb5 Rxe4 26. Rxe4 Qxe4
27. h3 Nf6 28. Nd6 Qxc2 29. Rf1 Kh8 30. Qe5 Qc7 31. Qe6 h6 32. Rf5 Kh7 33. b4
Rd8 34. Rxf6 gxf6 35. Qf5+ Kg7 36. Qg4+ Kh7 37. Qf5+ Kg7 38. Qg4+ Kh7 39. Qf5+
Kg7 40. Qg4+ Kf8 41. Nf5 1/2-1/2

[Event "Almansa 2014 - Torneo A"]
[Site "Almansa ESP"]
[Date "2014.08.09"]
[Round "8.6"]
[White "Pena Riasco, Alexander"]
[Black "Prieto Aranguren, Alain"]
[Result "1/2-1/2"]
[WhiteElo "2242"]
[BlackElo "2223"]
[PlyCount "145"]
[EventDate "2014.08.05"]
[EventType "swiss"]
[EventRounds "9"]
[EventCountry "ESP"]
[Source "lmi"]
[SourceDate "2014.08.05"]

1. e4 c6 2. d4 d5 3. Nd2 dxe4 4. Nxe4 Nd7 5. Bd3 Ngf6 6. c3 Nxe4 7. Bxe4 Nf6 8.
Bf3 Bf5 9. Ne2 Be4 10. Bxe4 Nxe4 11. O-O e6 12. Qb3 Qb6 13. Qc2 Nf6 14. Bf4 Be7
15. Be5 O-O 16. Bxf6 Bxf6 17. Ng3 Rac8 18. Ne4 Be7 19. Rad1 Rfd8 20. Rd3 Qa6
21. a3 Rd7 22. Rh3 h6 23. Re1 b6 24. g4 Rd5 25. g5 Bxg5 26. Rg3 Rcd8 27. b4 Qc4
28. Qb1 Rf5 29. Qd3 Qxd3 30. Rxd3 c5 31. Red1 cxd4 32. Rxd4 Rfd5 33. Rxd5 Rxd5
34. Rxd5 exd5 35. Nd6 a6 36. Kg2 Kf8 37. Kf3 Bd8 38. Nf5 Bf6 39. Ne3 d4 40.
cxd4 Bxd4 41. Nc2 Be5 42. h3 Ke8 43. Ke4 Bb2 44. Kd5 Kd7 45. a4 Bc3 46. b5 axb5
47. axb5 g5 48. Ne3 Be1 49. f3 h5 50. Nf5 f6 51. Ne3 Bf2 52. Nf5 Bc5 53. Ng3 h4
54. Nf5 Bg1 55. Ng7 Ke7 56. Nf5+ Kf7 57. Nd6+ Kg6 58. Ke6 Be3 59. Nc4 Bc5 60.
Kd5 f5 61. Ne5+ Kh5 62. Ke6 f4 63. Nd7 Bg1 64. Kf5 Bd4 65. Nf8 Bc5 66. Ne6 Be7
67. Nc7 Bc5 68. Nd5 Bd4 69. Ke4 Bc5 70. Ke5 Kg6 71. Ke6 Be3 72. Ke5 Bc5 73. Ke4
1/2-1/2

[Event "Almansa 2014 - Torneo A"]
[Site "Almansa ESP"]
[Date "2014.08.09"]
[Round "8.7"]
[White "Gonzalez Pereira, Asier"]
[Black "Mingarro Carceller, Sergi"]
[Result "1-0"]
[WhiteElo "2045"]
[BlackElo "2233"]
[PlyCount "73"]
[EventDate "2014.08.05"]
[EventType "swiss"]
[EventRounds "9"]
[EventCountry "ESP"]
[Source "lmi"]
[SourceDate "2014.08.05"]

1. e4 c5 2. Nf3 e6 3. c3 d5 4. exd5 Qxd5 5. Na3 Nf6 6. d4 a6 7. Nc4 Qd8 8. Bg5
b5 9. Nce5 cxd4 10. Nxd4 Bd6 11. Qf3 Bxe5 12. Qxa8 Qc7 13. Bxf6 Bb7 14. Qa7
Bxf6 15. Be2 O-O 16. O-O Be5 17. f4 Bd6 18. Bf3 Bxf3 19. Qxc7 Bxc7 20. Rxf3 Nd7
21. Rd1 Nb6 22. b3 Nd5 23. g3 Bb6 24. Kh1 Rc8 25. Rfd3 Nxc3 26. Rc1 b4 27. Ne2
Ba5 28. a3 Re8 29. Nxc3 bxc3 30. b4 Bd8 31. Rdxc3 Kf8 32. Rc8 Ke7 33. Ra8 g5
34. Rxa6 gxf4 35. gxf4 Rg8 36. Rg1 Re8 37. Ra8 1-0

[Event "Almansa 2014 - Torneo A"]
[Site "Almansa ESP"]
[Date "2014.08.09"]
[Round "8.8"]
[White "Serna Lara, Sergio"]
[Black "Moreno Valero, Ivan"]
[Result "0-1"]
[WhiteElo "2260"]
[BlackElo "2011"]
[PlyCount "56"]
[EventDate "2014.08.05"]
[EventType "swiss"]
[EventRounds "9"]
[EventCountry "ESP"]
[Source "lmi"]
[SourceDate "2014.08.05"]

1. d4 d5 2. c4 e6 3. Nc3 c6 4. Nf3 dxc4 5. a4 Bb4 6. e3 b5 7. Bd2 Bb7 8. b3 a5
9. axb5 Bxc3 10. Bxc3 cxb5 11. bxc4 b4 12. Bb2 Nf6 13. Bd3 O-O 14. O-O Nbd7 15.
Re1 Ne4 16. Qc2 f5 17. Red1 Qc7 18. Ne1 Rf6 19. f3 Rh6 20. f4 g5 21. d5 gxf4
22. Bxe4 fxe4 23. Qxe4 fxe3 24. Nf3 Qc5 25. Bd4 Qxc4 26. Ne5 Nf6 27. Qxe3 Qxd5
28. Qg5+ Rg6 0-1

[Event "Almansa 2014 - Torneo A"]
[Site "Almansa ESP"]
[Date "2014.08.09"]
[Round "8.9"]
[White "Nicolas Zapata, Javier"]
[Black "Sanchez Barbado, Carlos"]
[Result "0-1"]
[WhiteElo "2094"]
[BlackElo "2249"]
[PlyCount "52"]
[EventDate "2014.08.05"]
[EventType "swiss"]
[EventRounds "9"]
[EventCountry "ESP"]
[Source "lmi"]
[SourceDate "2014.08.05"]

1. d4 f5 2. Nc3 d5 3. Bg5 g6 4. e3 Bg7 5. h4 Nh6 6. h5 Nf7 7. Bf4 c6 8. hxg6
hxg6 9. Rxh8+ Bxh8 10. Nf3 Nd7 11. Bd3 e5 12. dxe5 Ndxe5 13. Nxe5 Nxe5 14. Qe2
Be6 15. O-O-O Qf6 16. Bxe5 Qxe5 17. g4 O-O-O 18. gxf5 gxf5 19. Rh1 Bf6 20. Rh5
Rg8 21. Kd2 Rg1 22. f4 Qc7 23. Qh2 Qg7 24. Rh8+ Bg8 25. Bxf5+ Kc7 26. Bg6 Rxg6
0-1

[Event "Almansa 2014 - Torneo A"]
[Site "Almansa ESP"]
[Date "2014.08.09"]
[Round "8.10"]
[White "Nieves Cabanes, Javier"]
[Black "Sanchez Jerez, Emilio Miguel"]
[Result "0-1"]
[WhiteElo "2074"]
[BlackElo "2232"]
[PlyCount "52"]
[EventDate "2014.08.05"]
[EventType "swiss"]
[EventRounds "9"]
[EventCountry "ESP"]
[Source "lmi"]
[SourceDate "2014.08.05"]

1. d4 Nc6 2. Nf3 Nf6 3. c4 d6 4. Nc3 e5 5. d5 Ne7 6. e4 g6 7. Be2 Bg7 8. O-O
O-O 9. Ne1 Nd7 10. f3 f5 11. g4 Kh8 12. Be3 Ng8 13. Nd3 Bh6 14. Bf2 Bg5 15. Qe1
Nh6 16. h3 Nf7 17. b4 a5 18. Nb5 axb4 19. exf5 gxf5 20. f4 exf4 21. Nd4 Nde5
22. gxf5 Qf6 23. Ne6 Rg8 24. Nxe5 Nxe5 25. Kh2 Bxe6 26. fxe6 f3 0-1

[Event "Almansa 2014 - Torneo A"]
[Site "Almansa ESP"]
[Date "2014.08.10"]
[Round "9.2"]
[White "Jordan Martinez, Miguel"]
[Black "Romero Berruezo, Francisco"]
[Result "1/2-1/2"]
[WhiteElo "2205"]
[BlackElo "2211"]
[PlyCount "40"]
[EventDate "2014.08.05"]
[EventType "swiss"]
[EventRounds "9"]
[EventCountry "ESP"]
[Source "lmi"]
[SourceDate "2014.08.05"]

1. e4 c5 2. Nf3 e6 3. c3 Qa5 4. Bd3 Nc6 5. O-O Nf6 6. Bc2 Be7 7. Re1 c4 8. d4
cxd3 9. Bxd3 d6 10. Nbd2 Qc7 11. Nc4 Ne5 12. Ncxe5 dxe5 13. Bb5+ Bd7 14. Bxd7+
Nxd7 15. Be3 O-O 16. Qa4 a6 17. Rad1 b5 18. Qb3 Rfc8 19. Rd3 Nf8 20. h4 Rab8
1/2-1/2

[Event "Almansa 2014 - Torneo A"]
[Site "Almansa ESP"]
[Date "2014.08.10"]
[Round "9.3"]
[White "Martinez Lopez, David"]
[Black "Gil Quilez, David"]
[Result "1-0"]
[WhiteElo "2209"]
[BlackElo "2172"]
[PlyCount "53"]
[EventDate "2014.08.05"]
[EventType "swiss"]
[EventRounds "9"]
[EventCountry "ESP"]
[Source "lmi"]
[SourceDate "2014.08.05"]

1. e4 d5 2. exd5 Qxd5 3. Nc3 Qd6 4. d4 Nf6 5. Nf3 a6 6. g3 Bg4 7. h3 Bh5 8. Bg2
Nc6 9. O-O O-O-O 10. Bf4 Qb4 11. g4 Bg6 12. a3 Qxb2 13. Qe1 e6 14. Ne5 Nd5 15.
Nxd5 exd5 16. Nxc6 bxc6 17. Bg5 f6 18. Qe6+ Rd7 19. Rfb1 Qc3 20. Bf1 Qa5 21.
Bd2 Qa4 22. Bf4 Bc5 23. dxc5 Re8 24. Rb8+ Kxb8 25. Qxd7 Qxf4 26. Rb1+ Ka7 27.
Qxc6 1-0

[Event "Almansa 2014 - Torneo A"]
[Site "Almansa ESP"]
[Date "2014.08.10"]
[Round "9.4"]
[White "Jimenez Martinez, Jose Vicente"]
[Black "Lopez Mulet, Inigo"]
[Result "1/2-1/2"]
[WhiteElo "2247"]
[BlackElo "2193"]
[PlyCount "33"]
[EventDate "2014.08.05"]
[EventType "swiss"]
[EventRounds "9"]
[EventCountry "ESP"]
[Source "lmi"]
[SourceDate "2014.08.05"]

1. d4 e6 2. c4 Bb4+ 3. Nc3 c5 4. e3 Nc6 5. Nge2 cxd4 6. exd4 d5 7. cxd5 exd5 8.
a3 Bxc3+ 9. Nxc3 Nge7 10. Bb5 O-O 11. O-O a6 12. Bxc6 Nxc6 13. b4 Be6 14. Be3
Qd6 15. Qd2 b5 16. Rfe1 Rfc8 17. Bf4 1/2-1/2

[Event "Almansa 2014 - Torneo A"]
[Site "Almansa ESP"]
[Date "2014.08.10"]
[Round "9.5"]
[White "Moreno Valero, Ivan"]
[Black "Gonzalez Pereira, Asier"]
[Result "1/2-1/2"]
[WhiteElo "2011"]
[BlackElo "2045"]
[PlyCount "36"]
[EventDate "2014.08.05"]
[EventType "swiss"]
[EventRounds "9"]
[EventCountry "ESP"]
[Source "lmi"]
[SourceDate "2014.08.05"]

1. d4 Nf6 2. c4 e6 3. Nf3 Bb4+ 4. Bd2 Qe7 5. Nc3 Bxc3 6. Bxc3 Ne4 7. Qd3 Nxc3
8. Qxc3 d6 9. g3 O-O 10. Bg2 Re8 11. Rd1 Nd7 12. O-O e5 13. dxe5 dxe5 14. Bh3
Nf6 15. Bxc8 Raxc8 16. Qe3 Qe6 17. b3 h6 18. Kg2 Qb6 1/2-1/2

[Event "Almansa 2014 - Torneo A"]
[Site "Almansa ESP"]
[Date "2014.08.10"]
[Round "9.6"]
[White "Cano Gimenez, Vicente"]
[Black "Vilanova Corbi, Jorge"]
[Result "0-1"]
[WhiteElo "2290"]
[BlackElo "2137"]
[PlyCount "94"]
[EventDate "2014.08.05"]
[EventType "swiss"]
[EventRounds "9"]
[EventCountry "ESP"]
[Source "lmi"]
[SourceDate "2014.08.05"]

1. Nf3 Nf6 2. c4 c5 3. g3 Nc6 4. Bg2 g6 5. O-O Bg7 6. d4 cxd4 7. Nxd4 Nxd4 8.
Qxd4 O-O 9. Nc3 d6 10. Qd3 a6 11. Bd2 Bf5 12. e4 Be6 13. Rac1 Rb8 14. b3 Bd7
15. Rfd1 Bc6 16. Qe2 Nd7 17. Be3 Qa5 18. Nd5 Bxd5 19. cxd5 Rfc8 20. Bh3 Rxc1
21. Rxc1 Nc5 22. Qc2 Qb4 23. Bg2 Bd4 24. Bd2 Qb6 25. Be1 a5 26. Qd2 Na6 27. Rc4
Bc5 28. Qh6 Bd4 29. Bf1 Nb4 30. Qd2 Bf6 31. a3 Na6 32. b4 axb4 33. axb4 Nc7 34.
Qc1 Nb5 35. Bd2 Ra8 36. Bh6 Qd8 37. Be3 Na3 38. Rc7 Bb2 39. Qxb2 Qxc7 40. Bh6
f6 41. Bh3 Nb5 42. Be6+ Kh8 43. Qe2 Nd4 44. Qg4 Qc4 45. Kg2 Ra1 46. Kh3 Qf1+
47. Kh4 Qxf2 0-1

[Event "Almansa 2014 - Torneo A"]
[Site "Almansa ESP"]
[Date "2014.08.10"]
[Round "9.7"]
[White "Villasenor Rubio, Emilio Jose"]
[Black "Garcia Ramos, Marcos"]
[Result "1/2-1/2"]
[WhiteElo "2259"]
[BlackElo "2141"]
[PlyCount "79"]
[EventDate "2014.08.05"]
[EventType "swiss"]
[EventRounds "9"]
[EventCountry "ESP"]
[Source "lmi"]
[SourceDate "2014.08.05"]

1. e4 c5 2. Nf3 e6 3. d4 cxd4 4. Nxd4 a6 5. Nc3 b5 6. Bd3 Qb6 7. Nb3 Qc7 8. Qe2
d6 9. Bd2 Nc6 10. O-O Nf6 11. f4 g6 12. Rae1 Bg7 13. Kh1 O-O 14. a4 b4 15. Na2
Qb7 16. Qd1 Rb8 17. Nac1 Rd8 18. c4 bxc3 19. Bxc3 d5 20. exd5 Nxd5 21. Bxg7
Kxg7 22. Qe2 Qb4 23. Bxa6 Qxa4 24. Bxc8 Rdxc8 25. Nc5 Qa7 26. N1d3 Qe7 27. Ne4
Nf6 28. Nec5 Qd6 29. Rd1 Nd4 30. Qe5 Qxe5 31. fxe5 Nd5 32. Ra1 Ra8 33. h3 Nc2
34. Rxa8 Rxa8 35. Ne4 Ncb4 36. Ndc5 Nc6 37. Nd3 Ncb4 38. Ndc5 Nc6 39. Nd3 Ncb4
40. Ndc5 1/2-1/2

[Event "Almansa 2014 - Torneo A"]
[Site "Almansa ESP"]
[Date "2014.08.10"]
[Round "9.8"]
[White "Sanchez Barbado, Carlos"]
[Black "Remolar Gallen, Jose"]
[Result "0-1"]
[WhiteElo "2249"]
[BlackElo "2208"]
[PlyCount "162"]
[EventDate "2014.08.05"]
[EventType "swiss"]
[EventRounds "9"]
[EventCountry "ESP"]
[Source "lmi"]
[SourceDate "2014.08.05"]

1. e4 c5 2. Nc3 g6 3. f4 Bg7 4. Nf3 d6 5. Bb5+ Bd7 6. Bc4 Nf6 7. e5 Nh5 8.
Bxf7+ Kxf7 9. e6+ Kg8 10. exd7 Nc6 11. Ne2 Nd4 12. Nexd4 cxd4 13. c3 Qxd7 14.
O-O Nxf4 15. d3 Rf8 16. Qb3+ d5 17. Bxf4 Rxf4 18. cxd4 h6 19. Ne5 Bxe5 20. dxe5
Rf5 21. Rxf5 gxf5 22. Qc3 Kh7 23. Rc1 Rg8 24. Qd4 b6 25. Re1 Rg4 26. e6 Qxe6
27. Rxe6 Rxd4 28. Rxe7+ Kg6 29. Re3 f4 30. Rf3 Rb4 31. Rf2 Kf5 32. Rc2 Ke5 33.
Kf2 Kd4 34. Ke2 Rb5 35. Kd2 a5 36. b3 a4 37. bxa4 Rb4 38. Ke2 Rxa4 39. Rb2 h5
40. h4 Ra3 41. Rb4+ Ke5 42. Rxb6 Kf5 43. Rb3 Rxa2+ 44. Kf3 Rd2 45. Ra3 Ke5 46.
Rb3 Rd1 47. g3 fxg3 48. Kxg3 Rg1+ 49. Kf3 Kd4 50. Kf2 Rh1 51. Ra3 Rh2+ 52. Kf3
Rh3+ 53. Ke2 Rh2+ 54. Kf3 Rd2 55. Kf4 Rxd3 56. Ra4+ Kc3 57. Kg5 d4 58. Kxh5 Re3
59. Kg6 d3 60. Ra3+ Kb2 61. Ra7 Re6+ 62. Kg7 d2 63. Rb7+ Kc3 64. Rc7+ Kb4 65.
Rd7 Re7+ 66. Rxe7 d1=Q 67. Re4+ Kc5 68. Re5+ Kd6 69. Rg5 Ke6 70. h5 Qd4+ 71.
Kh7 Qe4+ 72. Kg7 Qf4 73. Rg6+ Ke7 74. Kh7 Qf5 75. Kh6 Qf4+ 76. Kh7 Qe5 77. h6
Qf5 78. Kg7 Qf7+ 79. Kh8 Qxg6 80. h7 Qf6+ 81. Kg8 Qf8# 0-1

[Event "Almansa 2014 - Torneo A"]
[Site "Almansa ESP"]
[Date "2014.08.10"]
[Round "9.9"]
[White "Sanchez Jerez, Emilio Miguel"]
[Black "Pena Riasco, Alexander"]
[Result "1-0"]
[WhiteElo "2232"]
[BlackElo "2242"]
[PlyCount "59"]
[EventDate "2014.08.05"]
[EventType "swiss"]
[EventRounds "9"]
[EventCountry "ESP"]
[Source "lmi"]
[SourceDate "2014.08.05"]

1. e4 d5 2. exd5 Qxd5 3. Nc3 Qa5 4. Nf3 Nf6 5. Bc4 Bf5 6. b4 Qxb4 7. Qe2 Bc8 8.
Rb1 Qd6 9. Nb5 Qd8 10. Bxf7+ Kxf7 11. Qc4+ Qd5 12. Ne5+ Kg8 13. Nxc7 Qxc4 14.
Nxc4 Na6 15. Nxa8 b6 16. O-O Bb7 17. Naxb6 axb6 18. Rxb6 Bc8 19. Na5 Nc7 20.
Ba3 Bf5 21. c4 h5 22. Nc6 e6 23. Rb8 Nce8 24. Bxf8 Kxf8 25. Ne5 h4 26. f3 Rh5
27. d4 Bh7 28. a4 Rf5 29. a5 Rf4 30. a6 1-0

[Event "Almansa 2014 - Torneo A"]
[Site "Almansa ESP"]
[Date "2014.08.10"]
[Round "9.10"]
[White "Prieto Aranguren, Alain"]
[Black "Jordan Martinez, David"]
[Result "1/2-1/2"]
[WhiteElo "2223"]
[BlackElo "2116"]
[PlyCount "96"]
[EventDate "2014.08.05"]
[EventType "swiss"]
[EventRounds "9"]
[EventCountry "ESP"]
[Source "lmi"]
[SourceDate "2014.08.05"]

1. Nf3 Nf6 2. g3 g6 3. Bg2 Bg7 4. O-O d5 5. d4 O-O 6. c4 c6 7. cxd5 cxd5 8. Nc3
Ne4 9. Qb3 Nxc3 10. bxc3 Nc6 11. Bf4 Na5 12. Qd1 b6 13. Ne5 Ba6 14. Re1 f6 15.
Nd3 Rc8 16. Rc1 e6 17. e4 Qd7 18. exd5 exd5 19. Nb4 Bc4 20. h4 Nc6 21. Qd2 Rfe8
22. Kh2 Nxb4 23. cxb4 Rxe1 24. Rxe1 Re8 25. Bh3 f5 26. Be5 Bxe5 27. Rxe5 Rxe5
28. dxe5 d4 29. h5 d3 30. hxg6 hxg6 31. Bf1 Kh7 32. Qg5 b5 33. Qh4+ Kg8 34. Qf6
d2 35. Bxc4+ bxc4 36. Qxg6+ Qg7 37. Qd6 c3 38. e6 Qf6 39. Qd7 Kf8 40. Qc8+ Ke7
41. Qd7+ Kf8 42. Qc8+ Kg7 43. Qd7+ Kf8 44. Qc8+ Kg7 45. Qd7+ Kf8 46. Qc8+ Kg7
47. Qd7+ Kf8 48. Qc8+ Kg7 1/2-1/2

[Event "Almansa 2014 - Torneo A"]
[Site "Almansa ESP"]
[Date "2014.08.10"]
[Round "9.11"]
[White "Gines Abad, Pedro"]
[Black "Fernandez Barrera, Victor"]
[Result "0-1"]
[WhiteElo "2018"]
[BlackElo "2284"]
[PlyCount "122"]
[EventDate "2014.08.05"]
[EventType "swiss"]
[EventRounds "9"]
[EventCountry "ESP"]
[Source "lmi"]
[SourceDate "2014.08.05"]

1. d4 Nf6 2. Nf3 g6 3. g3 Bg7 4. Bg2 O-O 5. c4 c6 6. O-O d5 7. cxd5 cxd5 8. Nc3
Ne4 9. Nxe4 dxe4 10. Ne5 Qd5 11. f3 Bxe5 12. dxe5 Qxe5 13. fxe4 Be6 14. Bh6 Re8
15. Qd2 Nc6 16. Bf4 Qc5+ 17. Be3 Qb5 18. b3 Red8 19. Qb2 f6 20. Rac1 Bg4 21.
Bf3 Bxf3 22. exf3 Ne5 23. Rc5 Qd3 24. Rc3 Qa6 25. Qc2 Kf7 26. Kg2 Rd7 27. Rf2
Rad8 28. Rc8 Nd3 29. Rf1 b6 30. Qc4+ Qxc4 31. Rxc4 Ne5 32. Rc3 h5 33. h3 g5 34.
f4 gxf4 35. gxf4 Ng6 36. Kf2 e6 37. Rfc1 Ne7 38. Rc7 f5 39. Kf3 Kf6 40. Rxd7
Rxd7 41. Rg1 fxe4+ 42. Kxe4 Nf5 43. Bc1 Rd4+ 44. Kf3 Rd3+ 45. Ke4 Rxh3 46. Rg2
Rh1 47. Bb2+ Kf7 48. Rd2 Re1+ 49. Kf3 h4 50. Rd7+ Kg6 51. Kg4 Rg1+ 52. Kh3 Rg3+
53. Kh2 Re3 54. Be5 Re2+ 55. Kh3 Rxa2 56. Rc7 Ra3 57. Rc3 Kh5 58. Bf6 a5 59.
Rd3 a4 60. Bb2 Rxb3 61. Rxb3 axb3 0-1